000 00243nam a2200085Ia 4500
008 120527s9999 xx 000 0 und d
100 _aGERMAN, J
245 _aEmotional disorders and learning disabilities in the elementary classroom
942 _cBK
999 _c25731
_d25731